00569nam a2200193Ia 4500008004100000020001800041082001500059100002100074245003800095250000600133260003900139300001500178500002400193650001400217700002500231942000700256952009500263999001700358230524s9999 xx 000 0 und d a9788184588687 a604.2bLAL aRoop Lal 942922 2aA Textbook of Engineering Drawing a1 aNew DelhibI.K.Internationalc2015 a"XI,429p;" aQuantity Number: 1 aMechanics aRamakant Rana942923 cBK 00104070aTATCLbTATCLcGENd2023-05-24l0o604.2 LALp54182r2023-05-24w2023-05-24yBK c57889d57889